书目信息 |
| 题名: |
考研英语分类阅读高分进阶(120篇)
|
|
| 作者: | ;新东方考验英语命题研究组 | |
| 分册: | ||
| 出版信息: | 群言出版 2011.02 |
|
| 页数: | 374页 | |
| 开本: | 28cm | |
| 丛书名: | ||
| 单 册: | ||
| 中图分类: | H319.4 | |
| 科图分类: | ||
| 主题词: | 英语 | |
| 电子资源: | ||
| ISBN: | 978-7-80080-705-3 | |
| 000 | 00766nam0 2200229 45 | |
| 001 | 1360614708 | |
| 005 | 20130425113431.64 | |
| 010 | @a978-7-80080-705-3@dCNY38.00 | |
| 100 | @a20090515d2011 ekmy0 y0120 ea | |
| 102 | @aCN@b130000 | |
| 102 | @aCN@b110000 | |
| 105 | @ay z 000yy | |
| 200 | 1 | @a考研英语分类阅读高分进阶(120篇)@Akao yan ying yu fen lei yue du gao fen jin jie(120 pian)@f新东方考验英语命题研究组@Fxin dong fang kao yan ying yu ming ti yan jiu zu |
| 210 | @c群言出版@d2011.02 | |
| 210 | @a北京@c群言出版社 | |
| 215 | @a374页@d28cm | |
| 606 | 0 | @a英语 |
| 690 | @aH319.4@v4 | |
| 711 | 02 | @a新东方考验英语命题研究组@Axin dong fang kao yan ying yu ming ti yan jiu zu |
| 801 | 0 | @aCN@c20091015 |
| 905 | @a10447@dH319.4@eX5322 | |
| 906 | @d35@n3@r1 | |
| 考研英语分类阅读高分进阶(120篇)/新东方考验英语命题研究组.-群言出版,2011.02.-北京:群言出版社 |
| 374页;28cm |
| ISBN 978-7-80080-705-3:CNY38.00 |
| ● |
| 相关链接 |
|
|
|
正题名:考研英语分类阅读高分进阶(120篇)
索取号:H319.4/X5322
 
预约/预借
| 序号 | 登录号 | 条形码 | 馆藏地/架位号 | 状态 | 备注 |
| 1 | 476035 | 204760357 | 语言库209/209语言库 49排7列6层/ [索取号:H319.4/X5322] | 在馆 |